[Event "Just Another Plain Tournament # 15"]
[Site "SchemingMind.com"]
[Date "2009.04.27"]
[Round "-"]
[White "Archon"]
[Black "Schaakmaatje"]
[Result "1-0"]
[WhiteCountry "CAN"]
[BlackCountry "NED"]
[WhiteElo "1710"]
[WhiteRD "56"]
[BlackElo "1755"]
[BlackRD "49"]
[GameID "202185"]

1. d4 e5 2. dxe5 Nc6 3. Nf3 d5 4. exd6 Bxd6 5. e4 Nge7 6. Nc3 Bg4 7. Be2 O-O 8. O-O Ng6 9. Be3 Bxf3 10. Bxf3 Nce5
11. Be2 c6 12. f4 Nd7 13. Qxd6
1-0

[Event "Just Another Plain Tournament # 15"]
[Site "SchemingMind.com"]
[Date "2009.04.27"]
[Round "-"]
[White "Schaakmaatje"]
[Black "Archon"]
[Result "1-0"]
[WhiteCountry "NED"]
[BlackCountry "CAN"]
[WhiteElo "1775"]
[WhiteRD "50"]
[BlackElo "1703"]
[BlackRD "59"]
[GameID "202186"]

1. g4 e5 2. Bg2 Nc6 3. h3 d5 4. c4 Be6 5. Nc3 Nge7 6. Qb3 Na5 7. Qa4+ c6 8. cxd5 Nxd5 9. Nxd5 Bxd5 10. Nf3 Bd6
11. d3 b5 12. Qc2 O-O 13. Bd2 Rc8 14. b4 Nb7 15. e4 Be6 16. d4 exd4 17. Nxd4 c5 18. bxc5 Rxc5 19. Nxe6 fxe6 20. Qb3 Qe7
21. O-O Rfc8 22. Rac1 Rxc1 23. Rxc1 Rxc1+ 24. Bxc1 Be5 25. Qxb5 Bd4 26. Bg5 Qxg5 27. Qxg5
1-0

[Event "Just Another Plain Tournament # 15"]
[Site "SchemingMind.com"]
[Date "2009.04.27"]
[Round "-"]
[White "chessleon"]
[Black "Archon"]
[Result "0-1"]
[WhiteCountry "NED"]
[BlackCountry "CAN"]
[WhiteElo "1556"]
[WhiteRD "76"]
[BlackElo "1710"]
[BlackRD "56"]
[GameID "202223"]

1. e4 d6 2. d4 Nf6 3. Nc3 g6 4. Nf3 Bg7 5. Be2 O-O 6. O-O Bg4 7. h3 Bxf3 8. Bxf3 Nc6 9. Be3 e5 10. d5 Ne7
11. Qd2 Nd7 12. Bh6 Bxh6 13. Qxh6 f5 14. Qd2 f4 15. Bg4 Nf6 16. Be6+ Kg7 17. Qe2 g5 18. g3 Ng6 19. Qd3 h5 20. Bf5 Ng8
21. Ne2 Nh6 22. Bxg6 Kxg6 23. Qf3 g4 24. hxg4 hxg4 25. Qd3 f3 26. Nc3 Rh8 27. Qe3 Qf6 28. Kh2 Nf5+
0-1

[Event "Just Another Plain Tournament # 15"]
[Site "SchemingMind.com"]
[Date "2009.04.27"]
[Round "-"]
[White "chessleon"]
[Black "Schaakmaatje"]
[Result "0-1"]
[WhiteCountry "NED"]
[BlackCountry "NED"]
[WhiteElo "1472"]
[WhiteRD "84"]
[BlackElo "1671"]
[BlackRD "49"]
[GameID "202224"]

1. e4 c5 2. Nf3 Nc6 3. d4 cxd4 4. Nxd4 Nf6 5. Nc3 e5 6. Ndb5 d6 7. Bg5 a6 8. Na3 b5 9. Nd5 Be7 10. Bxf6 Bxf6
11. c3 Bg5 12. Bd3 Be6 13. h4 Bh6 14. Nc2 O-O 15. g4 Bf4 16. Nce3 Bxe3 17. Nxe3 b4 18. Nd5 bxc3 19. Nxc3 Qd7 20. Nd5 Bxg4
21. f3 Be6 22. Nb6 Qe7 23. Nxa8 Rxa8 24. Qa4 Nd4 25. Kf2 Rb8 26. b4 Qf6 27. Be2 Bc4 28. Bxc4 Qxf3+ 29. Kg1 Qe3+ 30. Kg2 Qxe4+
31. Kf2 Qf3+ 32. Kg1 Qe3+ 33. Kg2 Qe4+ 34. Kf2= d5 35. Bxa6 Nc2 36. Qb3 Rxb4 37. Qd3 Qf4+ 38. Qf3 Qd2+ 39. Kg3 Nxa1 40. Rd1 Qxa2
41. Qxd5 Qxd5 42. Rxd5 f6 43. Rd8+ Kf7 44. Rd7+ Kg6 45. Bd3+ Kh6 46. Ra7 Nb3 47. Ra8 Nd4 48. Rh8 f5 49. Kf2 g6 50. Rc8 Rb3
51. Bc4 Rh3 52. Rc7 Rxh4 53. Bg8 Kg5 54. Bxh7 Rh2+ 55. Kg3 Rxh7 56. Rxh7 f4+ 57. Kf2 e4 58. Re7 e3+ 59. Ke1 Nf5 60. Re4 Kg4
61. Ra4 g5 62. Ke2 Kg3 63. Ra5 Nd4+ 64. Ke1 g4 65. Ra4 Nb3 66. Ke2 Nc5 67. Rc4 Nb3 68. Kd3 Nd2 69. Rc1 Kf2 70. Rc2 g3
71. Rc1 g2 72. Rd1 Nf1
0-1

[Event "Just Another Plain Tournament # 15"]
[Site "SchemingMind.com"]
[Date "2009.04.28"]
[Round "-"]
[White "Archon"]
[Black "chessleon"]
[Result "1-0"]
[WhiteCountry "CAN"]
[BlackCountry "NED"]
[WhiteElo "1713"]
[WhiteRD "61"]
[BlackElo "1552"]
[BlackRD "86"]
[GameID "202225"]

1. d4 Nf6 2. Nc3 d5 3. e4 dxe4 4. f3 Bf5 5. fxe4 Nxe4 6. Qf3 Nxc3 7. Qxc3 c6 8. Nf3 Nd7 9. Bc4 e6 10. O-O Nb6
11. Bb3 Nd5 12. Qe1 Be7 13. c3 Bd3 14. Rf2 c5 15. Bxd5 Qxd5 16. Be3 cxd4 17. Bxd4 O-O 18. Rd1 Qc4 19. Rfd2 Bg6 20. Ne5 Qc7
21. Kh1 Bd6 22. Nxg6 fxg6 23. Qh4 Be7 24. Qh3 Qf4 25. Qxe6+ Qf7 26. Qxf7+ Rxf7 27. h3 Raf8 28. Bxa7 Rf1+ 29. Rxf1 Rxf1+ 30. Kh2 Bg5
31. Re2 Bf4+ 32. g3 Bd6 33. Rf2 Re1 34. Kg2 Re8 35. a3 b5 36. Bd4 Rf8 37. Rxf8+ Kxf8 38. Kf3 Ke7 39. Bf2 Ke6 40. Ke4 g5
41. Kd4 g6 42. g4 h6 43. Be3 Be7 44. c4 b4 45. axb4 Bxb4 46. c5 Ba5 47. Kc4 Kd7 48. b4 Bc7 49. b5 Be5 50. c6+ Kc7
51. Kc5 Bd6+ 52. Kd5 Bf4 53. Bf2 h5 54. b6+ Kb8 55. Ke6 hxg4 56. hxg4 Kc8 57. c7 Bh2 58. Kf6 Bf4 59. Kxg6 Kb7 60. Kf5 Kc8
61. Ke6 Bd2 62. Kd6 Bf4+ 63. Kc6
1-0

[Event "Just Another Plain Tournament # 15"]
[Site "SchemingMind.com"]
[Date "2009.04.27"]
[Round "-"]
[White "Schaakmaatje"]
[Black "chessleon"]
[Result "1-0"]
[WhiteCountry "NED"]
[BlackCountry "NED"]
[WhiteElo "1769"]
[WhiteRD "51"]
[BlackElo "1519"]
[BlackRD "84"]
[GameID "202226"]

1. d4 Nf6 2. Bg5 c5 3. e3 e6 4. c3 d5 5. Bd3 cxd4 6. cxd4 Nc6 7. a3 Be7 8. Nc3 Qa5 9. Ne2 a6 10. O-O h6
11. Bh4 O-O 12. Rc1 Bd7 13. f3 Rac8 14. Be1 Qc7 15. Kh1 b5 16. e4 dxe4 17. fxe4 Ng4 18. Bg3 Qb6 19. Rf3 e5 20. Nd5 Qd8
21. h3 Nf6 22. Nxf6+ Bxf6 23. d5 Bg5 24. Rxc6 Bxc6 25. dxc6 Rxc6 26. Bxe5 Re8 27. Bf4 Rxe4 28. Qb1 Re8 29. Bh7+ Kf8 30. Nc3 Bxf4
31. Rxf4 Rce6 32. Qf5 Re1+ 33. Kh2 Qc7 34. Nd5 Qb7 35. Bg6 f6 36. Bxe8 Rxe8 37. Rd4 Qb8+ 38. Qf4 Re5 39. Nxf6 gxf6 40. Qxf6+ Ke8
41. Qh8+ Ke7 42. Qxb8 Re6 43. Qd8+
1-0

[Event "Just Another Plain Tournament # 15"]
[Site "SchemingMind.com"]
[Date "2009.04.28"]
[Round "-"]
[White "MazetaFighter"]
[Black "Archon"]
[Result "1-0"]
[WhiteCountry "GRE"]
[BlackCountry "CAN"]
[WhiteElo "2002"]
[WhiteRD "63"]
[BlackElo "1661"]
[BlackRD "60"]
[GameID "202316"]

1. d4 d6 2. c4 e5 3. Nc3 exd4 4. Qxd4 Nc6 5. Qd2 Nf6 6. e4 g6 7. b3 Bg7 8. Bb2 O-O 9. f3 Be6 10. Nge2 a5
11. Ng3 a4 12. Nxa4 Ne7 13. Bd3 c6 14. O-O d5 15. cxd5 cxd5 16. Rfd1 dxe4 17. Nxe4 Nxe4 18. Bxe4 Bxb2 19. Qxb2 Qb8 20. Nc5 Qa7
21. Qf2 Bf5 22. Bxf5 Nxf5 23. Rd7 Rfc8 24. Ne4 Qxf2+ 25. Nxf2 Rc2 26. Rxb7 Raxa2 27. Rxa2 Rxa2 28. Rb8+ Kg7 29. g3 Ne3 30. Ne4 Rg2+
31. Kh1 Rb2 32. b4 Nd5 33. b5 Rb4 34. Nd6 Kf6 35. Rb7 Ne3 36. h4 Nf1 37. Kg2 Ne3+ 38. Kf2 Nd5 39. g4 Nc3 40. Ke3 Ke6
41. Nxf7 Rxb5 42. Rxb5 Nxb5 43. Ng5+ Kf6 44. Nxh7+
1-0

[Event "Just Another Plain Tournament # 15"]
[Site "SchemingMind.com"]
[Date "2009.04.28"]
[Round "-"]
[White "MazetaFighter"]
[Black "chessleon"]
[Result "1-0"]
[WhiteCountry "GRE"]
[BlackCountry "NED"]
[WhiteElo "1994"]
[WhiteRD "61"]
[BlackElo "1527"]
[BlackRD "79"]
[GameID "202317"]

1. e4 e5 2. Nc3 Nf6 3. f4 d6 4. Nf3 Nc6 5. Bc4 exf4 6. d4 Bg4 7. Bxf4 Be7 8. O-O O-O 9. Qd2 Bxf3 10. Rxf3 Na5
11. Bd3 a6 12. d5 b5 13. b4 Nc4 14. Bxc4 bxc4 15. Qd4 Nh5 16. Be3 Bf6 17. Qxc4 g6 18. Bd4 Bxd4+ 19. Qxd4 Qe7 20. Raf1 Qe5
21. Qxe5 dxe5 22. Ne2 Ng7 23. Ng3 Rad8 24. Rf6 Rd6 25. Rxd6 cxd6 26. a4 Rb8 27. c3 Ne8 28. Ne2 Ng7 29. Rb1 Nh5 30. Kf2 f5
31. exf5 gxf5 32. b5 Nf6 33. bxa6 Ra8 34. Rb6 Nxd5 35. Rxd6 Ne7 36. c4 Kf7 37. Nc3 f4 38. Kf3 Nf5 39. Rd7+ Kg6 40. a7 Nd4+
41. Ke4 Re8 42. Nd5 Nc6 43. Nc7
1-0

[Event "Just Another Plain Tournament # 15"]
[Site "SchemingMind.com"]
[Date "2009.04.28"]
[Round "-"]
[White "MazetaFighter"]
[Black "Schaakmaatje"]
[Result "1/2-1/2"]
[WhiteCountry "GRE"]
[BlackCountry "NED"]
[WhiteElo "1990"]
[WhiteRD "68"]
[BlackElo "1671"]
[BlackRD "49"]
[GameID "202318"]

1. e4 e6 2. d4 d5 3. Nc3 Bb4 4. e5 c5 5. a3 Bxc3+ 6. bxc3 Ne7 7. a4 c4 8. Nf3 Ng6 9. Ba3 Nc6 10. Qd2 Nce7
11. Be2 O-O 12. O-O Re8 13. h3 Nf5 14. a5 f6 15. Bb4 fxe5 16. Nxe5 Nxe5 17. dxe5 Qh4 18. Bg4 Bd7 19. Bxf5 exf5 20. Bd6 Bc6
21. Rfe1 f4 22. e6 f3 23. Bg3 Qf6 24. gxf3 Rxe6 25. Rxe6 Qxe6 26. Re1 Qf5 27. Re7 Qf6 28. Qe3 Rf8 29. a6 bxa6 30. Re6 Qxf3
31. Qxf3 Rxf3 32. Rxc6 Rxc3 33. Rxa6 Rxc2 34. Rxa7 d4 35. Be5 d3 36. Rxg7+ Kf8 37. Rd7 d2 38. Kg2 c3 39. Bxc3 d1=Q 40. Rxd1 Rxc3
41. f4 Rc2+ 42. Kg3 Ke7 43. Kg4 h6 44. Ra1 Rc5 45. Ra6 h5+ 46. Kh4 Rf5 47. Rg6 Kf7 48. Rg5 Rxf4+ 49. Kxh5 Rf1 50. h4 Ke6
51. Rg3 Rf8 52. Rg6+ Kf5 53. Rg5+ Kf4 54. Kg6 Rh8 55. Rf5+= Kg4 56. Ra5 Kxh4= 57. Ra4+ Kg3 58. Ra3+ Kf4 59. Ra4+=
1/2-1/2

[Event "Just Another Plain Tournament # 15"]
[Site "SchemingMind.com"]
[Date "2009.04.28"]
[Round "-"]
[White "chessleon"]
[Black "MazetaFighter"]
[Result "0-1"]
[WhiteCountry "NED"]
[BlackCountry "GRE"]
[WhiteElo "1527"]
[WhiteRD "79"]
[BlackElo "1994"]
[BlackRD "61"]
[GameID "202320"]

1. e4 e5 2. Nf3 Nc6 3. Bb5 a6 4. Ba4 Nf6 5. O-O Nxe4 6. d4 b5 7. Bb3 d5 8. dxe5 Be6 9. c3 Nc5 10. Bc2 Bg4
11. Re1 Be7 12. Nbd2 Qd7 13. Nf1 Rd8 14. Ng3 d4 15. cxd4 Bxf3 16. Qxf3 Nxd4 17. Qc3 Nxc2 18. Qxc2 Qd3 19. Qe2 Qxe2 20. Nxe2 Nd3
21. Rd1 Nxe5 22. Rxd8+ Bxd8 23. Bf4 Nd3 24. b3 Nxf4 25. Nxf4 O-O 26. Re1 g5 27. Nd5 f6 28. Ne7+ Kf7 29. Nc6 Re8 30. Rd1 Be7
31. Rd7 Kf8 32. Rxc7 Bd6
0-1

[Event "Just Another Plain Tournament # 15"]
[Site "SchemingMind.com"]
[Date "2009.04.28"]
[Round "-"]
[White "Schaakmaatje"]
[Black "MazetaFighter"]
[Result "0-1"]
[WhiteCountry "NED"]
[BlackCountry "GRE"]
[WhiteElo "1674"]
[WhiteRD "50"]
[BlackElo "2002"]
[BlackRD "63"]
[GameID "202321"]

1. d4 Nf6 2. Bg5 Ne4 3. Bh4 c5 4. f3 g5 5. fxe4 gxh4 6. e3 Bh6 7. Qd3 Qb6 8. Nc3 Bxe3 9. Nd5 Qa5+ 10. b4 cxb4
11. Qxe3 b3+ 12. Nc3 bxc2 13. Rc1 Nc6 14. Rxc2 Nb4 15. Rf2 d5 16. Bb5+ Kd8 17. e5 Bf5 18. Nf3 Nc2+ 19. Rxc2 Bxc2 20. O-O Rc8
21. Ng5 Rxc3 22. Nxf7+ Kc7 23. Qg5 Qxb5 24. Qxe7+ Qd7 25. Qxd7+ Kxd7 26. Nxh8 Bg6 27. Nf7 Bxf7 28. Rxf7+ Ke6 29. Rxb7 Rc4 30. Rxa7 Rxd4
31. a4 Kxe5 32. a5 Ra4 33. Rxh7 Rxa5 34. Rxh4 Ra2 35. Rb4 d4 36. h4 d3 37. Rb1 Kd4 38. h5 Ke3 39. Rb8 d2 40. Re8+ Kf4
41. g3+ Kxg3
0-1

[Event "Just Another Plain Tournament # 15"]
[Site "SchemingMind.com"]
[Date "2009.04.28"]
[Round "-"]
[White "michalis"]
[Black "Archon"]
[Result "1-0"]
[WhiteCountry "GRE"]
[BlackCountry "CAN"]
[WhiteElo "1568"]
[WhiteRD "202"]
[BlackElo "1710"]
[BlackRD "56"]
[GameID "202361"]

1. e4 d6 2. d4 Nf6 3. Nc3 g6 4. Nf3 Bg7 5. Be2 O-O 6. O-O Bg4 7. Be3 Nc6 8. d5 Nb8 9. h3 Bxf3 10. Bxf3 c6
11. a4 Qa5 12. Be2 cxd5 13. exd5 Nbd7 14. Rb1 Rac8 15. b4 Qd8 16. Rb3 Rxc3 17. Rxc3 Ne4 18. Rb3 Nc3 19. Qd3 Nxe2+ 20. Qxe2 Nb6
21. Bxb6 axb6 22. Re1 Qc7 23. Qxe7 Qxc2 24. Rbe3 Qxa4 25. Qxd6 Qc2 26. Re8 Qc3 27. Kh2 Qd4 28. Rxf8+ Bxf8 29. Re8 Qg7 30. Qe7 f5
31. d6 b5 32. Qxg7+
1-0

[Event "Just Another Plain Tournament # 15"]
[Site "SchemingMind.com"]
[Date "2009.04.28"]
[Round "-"]
[White "michalis"]
[Black "chessleon"]
[Result "1-0"]
[WhiteCountry "GRE"]
[BlackCountry "NED"]
[WhiteElo "1724"]
[WhiteRD "142"]
[BlackElo "1527"]
[BlackRD "79"]
[GameID "202362"]

1. e4 c5 2. Nf3 d6 3. d4 cxd4 4. Nxd4 Nf6 5. Nc3 a6 6. Be3 e5 7. Nb3 Be6 8. f3 Be7 9. Qd2 O-O 10. O-O-O Qc7
11. g4 b5 12. g5 Nfd7 13. h4 b4 14. Nd5 Bxd5 15. Qxd5 Qc6 16. Bh3 Qxd5 17. Rxd5 Nc6 18. Bxd7 Nd4 19. Nxd4 exd4 20. Bxd4 Rfd8
21. Bg4 f6 22. gxf6 gxf6 23. Rg1 Kf7 24. Bh5+ Kf8 25. Be3
1-0

[Event "Just Another Plain Tournament # 15"]
[Site "SchemingMind.com"]
[Date "2009.04.28"]
[Round "-"]
[White "michalis"]
[Black "Schaakmaatje"]
[Result "0-1"]
[WhiteCountry "GRE"]
[BlackCountry "NED"]
[WhiteElo "1724"]
[WhiteRD "142"]
[BlackElo "1775"]
[BlackRD "50"]
[GameID "202363"]

1. e4 a6 2. d4 b5 3. Nf3 Bb7 4. Bd3 Nf6 5. e5 Ne4 6. O-O e6 7. Re1 d5 8. exd6 Nxd6 9. Be3 Nd7 10. Nbd2 Be7
11. b4 Nf6 12. Ne5 Nde4 13. Nxe4 Nxe4 14. Nxf7 Kxf7 15. Qf3+ Nf6 16. Qxb7 Bxb4 17. Re2 Qc8 18. Qxc8 Raxc8 19. Rd1 Rhe8 20. c4 c6
21. h3 Bd6 22. Bg5 h6 23. Bxf6 gxf6 24. c5 Bb8 25. Re3 Bf4 26. Rf3 Bb8 27. g4 Rg8 28. Be4 h5 29. Rg3 Bxg3
0-1

[Event "Just Another Plain Tournament # 15"]
[Site "SchemingMind.com"]
[Date "2009.04.28"]
[Round "-"]
[White "michalis"]
[Black "MazetaFighter"]
[Result "0-1"]
[WhiteCountry "GRE"]
[BlackCountry "GRE"]
[WhiteElo "1771"]
[WhiteRD "122"]
[BlackElo "2011"]
[BlackRD "61"]
[GameID "202364"]

1. e4 e5 2. Nf3 Nc6 3. Bb5 a6 4. Ba4 Nf6 5. O-O Nxe4 6. d4 b5 7. Bb3 d5 8. dxe5 Be6 9. c3 Bc5 10. Nbd2 O-O
11. Bc2 Nxf2 12. Rxf2 f6 13. exf6 Bxf2+ 14. Kxf2 Qxf6 15. Kg1 Rae8 16. a4 Ne5 17. axb5 axb5 18. h3 Bxh3 19. gxh3 Nxf3+ 20. Nxf3 Qxf3
21. Qxf3 Rxf3 22. Kg2 Ref8 23. Bb3 R3f5 24. Be3 Re8 25. Re1 c6 26. Bd1 Rfe5 27. Kf2 Rf8+ 28. Kg3 Rfe8 29. Kf2= Kf7 30. Bg4 R8e7
31. Bf3 Ke8 32. Re2 g6 33. b3 Rf7
0-1

[Event "Just Another Plain Tournament # 15"]
[Site "SchemingMind.com"]
[Date "2009.04.28"]
[Round "-"]
[White "Archon"]
[Black "michalis"]
[Result "1-0"]
[WhiteCountry "CAN"]
[BlackCountry "GRE"]
[WhiteElo "1710"]
[WhiteRD "56"]
[BlackElo "1568"]
[BlackRD "202"]
[GameID "202365"]

1. d4 Nf6 2. Nc3 g6 3. e4 d6 4. f3 Bg7 5. Be3 O-O 6. Qd2 e5 7. dxe5 dxe5 8. O-O-O Qxd2+ 9. Rxd2 Nc6 10. Bc4 a6
11. a3 Nd4 12. Nge2 b5 13. Ba2 Nxe2+ 14. Nxe2 Bb7 15. Rhd1 Rac8 16. Nc3 c5 17. Bd5 Nxd5 18. Nxd5 Bxd5 19. Rxd5 c4 20. Bc5 Bh6+
21. Kb1 Rfe8 22. Bb6 Bg5 23. Ba5
1-0

[Event "Just Another Plain Tournament # 15"]
[Site "SchemingMind.com"]
[Date "2009.04.28"]
[Round "-"]
[White "chessleon"]
[Black "michalis"]
[Result "0-1"]
[WhiteCountry "NED"]
[BlackCountry "GRE"]
[WhiteElo "1527"]
[WhiteRD "79"]
[BlackElo "1724"]
[BlackRD "142"]
[GameID "202366"]

1. e4 c5 2. Nf3 d6 3. d4 cxd4 4. Nxd4 Nf6 5. Nc3 a6 6. Bc4 e6 7. Bb3 Be7 8. Be3 O-O 9. Qd2 Nbd7 10. O-O-O Nc5
11. f3 Qc7 12. a3 e5 13. Nf5 Bxf5 14. exf5 Nxb3+ 15. cxb3 Rfd8 16. Kb1 d5 17. Ne2 d4 18. Bf2 Rd6 19. g4 Rb6 20. b4 a5
21. bxa5 Rb5 22. b4 Qxa5 23. Kb2 Qxa3+ 24. Kc2 Rc8+
0-1

[Event "Just Another Plain Tournament # 15"]
[Site "SchemingMind.com"]
[Date "2009.04.28"]
[Round "-"]
[White "Schaakmaatje"]
[Black "michalis"]
[Result "0-1"]
[WhiteCountry "NED"]
[BlackCountry "GRE"]
[WhiteElo "1775"]
[WhiteRD "50"]
[BlackElo "1724"]
[BlackRD "142"]
[GameID "202367"]

1. g4 d5 2. Bg2 Bxg4 3. c4 c6 4. cxd5 Nf6 5. Qb3 Qd7 6. Nc3 cxd5 7. Nxd5 Nc6 8. d3 Be6 9. e4 g6 10. Nxf6+ exf6
11. Qd1 O-O-O 12. Bf4 Qxd3 13. Qxd3 Rxd3 14. Bf3 Bb4+ 15. Kf1 Rhd8 16. h4 Bc4 17. Kg2 f5 18. exf5 gxf5 19. Rc1 Rg8+ 20. Kh2 Bxa2
21. Bxc6 bxc6 22. Rxc6+ Kb7 23. Rc7+ Ka6 24. Ne2 Bd5 25. Ra1+ Kb6 26. Ng3 Rf3
0-1

[Event "Just Another Plain Tournament # 15"]
[Site "SchemingMind.com"]
[Date "2009.04.28"]
[Round "-"]
[White "MazetaFighter"]
[Black "michalis"]
[Result "1-0"]
[WhiteCountry "GRE"]
[BlackCountry "GRE"]
[WhiteElo "2011"]
[WhiteRD "61"]
[BlackElo "1771"]
[BlackRD "122"]
[GameID "202368"]

1. d4 Nf6 2. c4 g6 3. Nc3 Bg7 4. e4 d6 5. Nf3 O-O 6. Be2 e5 7. O-O Nc6 8. d5 Ne7 9. Nd2 a5 10. a3 Bd7
11. b3 c6 12. Bb2 Qb6 13. dxc6 Nxc6 14. Nb5 Nd4 15. Nxd4 exd4 16. Nf3 Rfe8 17. Bxd4 Qc7 18. Bd3 Nxe4 19. Bxg7 Kxg7 20. Qc2 Nc5
21. Qc3+ Kg8 22. Bc2 b5 23. cxb5 Bxb5 24. Rfe1 Rac8 25. Nd4 Bd7 26. Rxe8+ Rxe8 27. b4 axb4 28. axb4 Ne6 29. Qxc7 Nxc7 30. Bd3 Nd5
31. b5 Kg7 32. Kf1 Kf6 33. Re1 Rb8 34. g3
1-0

[Event "Just Another Plain Tournament # 15"]
[Site "SchemingMind.com"]
[Date "2009.05.03"]
[Round "-"]
[White "johnd"]
[Black "Archon"]
[Result "1-0"]
[WhiteCountry "IRL"]
[BlackCountry "CAN"]
[WhiteElo "2087"]
[WhiteRD "100"]
[BlackElo "1703"]
[BlackRD "59"]
[GameID "202369"]

1. e4 d6 2. d4 Nf6 3. Nc3 g6 4. f4 Bg7 5. Nf3 O-O 6. e5 dxe5 7. dxe5 Qxd1+ 8. Kxd1 Nh5 9. Bd3 c6 10. Be3 f6
11. Kd2 fxe5 12. fxe5 Nf4 13. Bc4+ Be6 14. g3 Bxc4 15. gxf4 e6 16. b3 Bd5 17. Nxd5 cxd5 18. Ng5 Re8 19. h4 Na6 20. c3 Bh6
21. h5 Bxg5 22. fxg5 Kg7 23. hxg6 hxg6 24. Rh6 Nc7 25. Rf1 Rh8 26. Rf6 Raf8 27. Rhxg6+ Kh7 28. Rh6+ Kg7 29. Rhg6+ Kh7 30. Rh6+ Kg7
31. Bxa7
1-0

[Event "Just Another Plain Tournament # 15"]
[Site "SchemingMind.com"]
[Date "2009.05.03"]
[Round "-"]
[White "johnd"]
[Black "chessleon"]
[Result "1-0"]
[WhiteCountry "IRL"]
[BlackCountry "NED"]
[WhiteElo "2085"]
[WhiteRD "100"]
[BlackElo "1519"]
[BlackRD "84"]
[GameID "202370"]

1. d4 Nf6 2. Nf3 g6 3. e3 Bg7 4. Bd3 O-O 5. O-O d6 6. Nbd2 c6 7. b3 Bg4 8. Bb2 Nbd7 9. h3 Bxf3 10. Nxf3 Qc7
11. Rc1 e5 12. Be2 exd4 13. Bxd4 d5 14. c4 Nb6 15. Be5 Qe7 16. Ba1 dxc4 17. Bxc4 Nxc4 18. Rxc4 Rfd8 19. Qc2 Rac8 20. Bd4 Rd5
21. Bxa7 b5 22. Bc5 Qb7 23. Rh4 Rcd8 24. e4 R5d7 25. e5 Nd5 26. Re1 b4 27. Ng5 h6 28. Nf3 Nc3 29. Rxb4 Nb5 30. a4 Rd5
31. axb5 cxb5 32. Bd6 f6 33. exf6 Bxf6 34. Qxg6+ Bg7 35. Re7 Qxe7 36. Bxe7 Rd1+ 37. Kh2 R8d5 38. Bf6 Rd7 39. Rxb5
1-0

[Event "Just Another Plain Tournament # 15"]
[Site "SchemingMind.com"]
[Date "2009.05.03"]
[Round "-"]
[White "johnd"]
[Black "Schaakmaatje"]
[Result "1-0"]
[WhiteCountry "IRL"]
[BlackCountry "NED"]
[WhiteElo "2085"]
[WhiteRD "100"]
[BlackElo "1769"]
[BlackRD "51"]
[GameID "202371"]

1. d4 Nf6 2. Nf3 d6 3. e3 g6 4. Bd3 Bg4 5. Nbd2 Bg7 6. h3 Bd7 7. O-O O-O 8. c3 c5 9. e4 cxd4 10. Nxd4 Nc6
11. N2f3 e5 12. Ne2 Ne8 13. Ng3 Rc8 14. Be3 f5 15. Bc4+ Kh8 16. exf5 gxf5 17. Bg5 Bf6 18. Bh6 Ng7 19. Qxd6 Be7 20. Bxg7+ Kxg7
21. Nh5+ Kh8 22. Qh6 Bf6 23. Nh4
1-0

[Event "Just Another Plain Tournament # 15"]
[Site "SchemingMind.com"]
[Date "2009.05.03"]
[Round "-"]
[White "johnd"]
[Black "MazetaFighter"]
[Result "1-0"]
[WhiteCountry "IRL"]
[BlackCountry "GRE"]
[WhiteElo "2087"]
[WhiteRD "100"]
[BlackElo "1994"]
[BlackRD "61"]
[GameID "202372"]

1. d4 d5 2. Nf3 Nf6 3. e3 e6 4. Bd3 c5 5. c3 Nc6 6. O-O Bd6 7. dxc5 Bxc5 8. Nbd2 O-O 9. e4 dxe4 10. Nxe4 Be7=
11. Qe2 e5 12. Rd1 Qc7 13. Nfg5 h6 14. Nxf6+ Bxf6 15. Nh7 Rd8 16. Nxf6+ gxf6 17. Bxh6
1-0

[Event "Just Another Plain Tournament # 15"]
[Site "SchemingMind.com"]
[Date "2009.05.03"]
[Round "-"]
[White "johnd"]
[Black "michalis"]
[Result "1/2-1/2"]
[WhiteCountry "IRL"]
[BlackCountry "GRE"]
[WhiteElo "2085"]
[WhiteRD "100"]
[BlackElo "1771"]
[BlackRD "122"]
[GameID "202373"]

1. e4 c5 2. f4 Nc6 3. Nf3 g6 4. Bc4 Bg7 5. O-O e6 6. d3 Nge7 7. Qe1 O-O 8. Nc3 d5 9. exd5 exd5 10. Bb3 Nd4
11. Nxd4 Bxd4+ 12. Kh1 Be6 13. Ne2 Bg7 14. c3 Qc7 15. Qf2 b6 16. Ng3 Rad8 17. Bd2 c4 18. dxc4 dxc4 19. Bc2 Nf5 20. Nxf5 Bxf5
21. Bxf5 gxf5 22. Be3 Rfe8 23. Bd4 Bxd4= 24. cxd4 Kh8 25. Rad1=
1/2-1/2

[Event "Just Another Plain Tournament # 15"]
[Site "SchemingMind.com"]
[Date "2009.05.03"]
[Round "-"]
[White "Archon"]
[Black "johnd"]
[Result "0-1"]
[WhiteCountry "CAN"]
[BlackCountry "IRL"]
[WhiteElo "1713"]
[WhiteRD "61"]
[BlackElo "2109"]
[BlackRD "99"]
[GameID "202374"]

1. d4 Nf6 2. Nc3 d5 3. e4 Nxe4 4. Nxe4 dxe4 5. Bc4 Nc6 6. c3 e5 7. d5 Ne7 8. f3 e3 9. Bxe3 Nf5 10. Bf2 Bc5
11. Qe2 Qd6 12. O-O-O Qh6+ 13. Kb1 Bxf2 14. Qxf2 O-O 15. Ne2 Ne3 16. Bb3 Bf5+ 17. Ka1 Nxd1 18. Rxd1 Rfd8 19. Ng3 Bd7 20. Ne4 c6
21. d6 Qxh2 22. Nc5 b6 23. Ne4 Qh6 24. Ng3 Rf8 25. Rh1 Qg6 26. Ne4 Bf5 27. Qh4 Bxe4 28. fxe4 Rad8 29. Qh2 Rxd6 30. Qxe5 Qxg2
31. Rb1 Rh6 32. a3 Rh1 33. Qf5 Rxb1+ 34. Kxb1 Qg6 35. Qf3 Qg1+ 36. Ka2 Qg6 37. e5 Re8 38. e6 Rxe6 39. Qf4 Rd6 40. Qc4 h5
41. Qa6 h4 42. Qc8+ Kh7 43. Qc7 h3 44. Qe7 Rf6 45. Qe2 Qg2 46. Bc2+ g6
0-1

[Event "Just Another Plain Tournament # 15"]
[Site "SchemingMind.com"]
[Date "2009.05.03"]
[Round "-"]
[White "chessleon"]
[Black "johnd"]
[Result "1/2-1/2"]
[WhiteCountry "NED"]
[BlackCountry "IRL"]
[WhiteElo "1556"]
[WhiteRD "76"]
[BlackElo "2047"]
[BlackRD "103"]
[GameID "202375"]

1. e4 c6 2. d4 d5 3. Nc3 dxe4 4. Nxe4 Nd7 5. Qe2 Ndf6 6. Ng3 Qxd4 7. c3 Qa4 8. Nf3 Bg4 9. Qe3 Rd8 10. Be2 e5
11. Qxe5+ Be6 12. O-O Bd6 13. Qe3 Ne7 14. Nd4 Bc5 15. b3 Bxd4 16. cxd4 Qxd4 17. Qxd4 Rxd4 18. Be3=
1/2-1/2

[Event "Just Another Plain Tournament # 15"]
[Site "SchemingMind.com"]
[Date "2009.05.03"]
[Round "-"]
[White "Schaakmaatje"]
[Black "johnd"]
[Result "0-1"]
[WhiteCountry "NED"]
[BlackCountry "IRL"]
[WhiteElo "1775"]
[WhiteRD "50"]
[BlackElo "2087"]
[BlackRD "100"]
[GameID "202376"]

1. g4 d5 2. Bg2 e5 3. c4 dxc4 4. Nc3 Nd7 5. Qa4 c6 6. Qxc4 Nb6 7. Qe4 Bd6 8. d4 Qe7 9. Nf3 exd4 10. Qxd4 Nf6
11. Bg5 Be6 12. Ne4 O-O-O 13. Nxd6+ Rxd6 14. Qe5 Rd5 15. Qg3 Qb4+ 16. Bd2 Qxb2 17. O-O Ne4
0-1

[Event "Just Another Plain Tournament # 15"]
[Site "SchemingMind.com"]
[Date "2009.05.03"]
[Round "-"]
[White "MazetaFighter"]
[Black "johnd"]
[Result "1/2-1/2"]
[WhiteCountry "GRE"]
[BlackCountry "IRL"]
[WhiteElo "2002"]
[WhiteRD "63"]
[BlackElo "2102"]
[BlackRD "101"]
[GameID "202377"]

1. e4 c6 2. d4 d5 3. Nc3 dxe4 4. Nxe4 Bf5 5. Ng3 Bg6 6. h4 h6 7. Nf3 Nd7 8. h5 Bh7 9. Bd3 Bxd3 10. Qxd3 e6
11. Bf4 Qa5+ 12. c3 Ngf6 13. b4 Qa3 14. Bc1 Qa4 15. a3 Bd6 16. Ne4 Nxe4 17. Qxe4 Nf6 18. Qe2 Qb3 19. Bd2 Rd8 20. Qd1 Qd5
21. Qe2 O-O 22. c4 Qf5 23. Rd1 Rfe8 24. Ne5 Bxe5 25. Qxe5 Ng4 26. Qf4 c5 27. Qxf5 exf5+ 28. Kf1 Rxd4 29. Re1 Red8 30. Bc3 Rd3
31. Rh3 Nh2+ 32. Ke2 Rxh3 33. gxh3 Re8+ 34. Kd3 Rxe1 35. Bxe1 Nf3 36. Bc3 cxb4 37. Bxb4 Ng5 38. h4 Nf3 39. Be7 f6 40. Bc5 a6
41. Ke3 Nxh4 42. Kf4 b5=
1/2-1/2